[Event "Helsinki EtVaS"]
[Site "Helsinki"]
[Date "2023.09.09"]
[Round "2"]
[White "Norri, Joose"]
[Black "Agopov, Mikael"]
[Result "0-1"]
[WhiteElo "2247"]
[BlackElo "2451"]
[PlyCount "54"]
[EventDate "2023.09.08"]
[EventType "tourn"]
[EventRounds "5"]
[EventCountry "FIN"]
[EventCategory "3"]
[SourceTitle "EXT 2024"]
[Source "ChessBase"]
[SourceDate "2023.10.10"]
[SourceVersion "1"]
[SourceVersionDate "2023.10.10"]
[SourceQuality "1"]

1. d4 Nf6 2. c4 g6 3. Nc3 d5 4. Bf4 Bg7 5. e3 c5 6. dxc5 Qa5 7. Qb3 Nc6 8. Qb5 Be6 9. Qxa5 Nxa5 10. cxd5 Nxd5 11. Bb5+ Kf8 12. Nge2 Rc8 13. Nxd5 Bxd5 14. 0-0 Bxb2 15. Rad1 Rxc5 16. a4 Kg7 17. Nd4 f6 18. e4 e5 19. Ne2 exf4 20. exd5 g5 21. Rfe1 Rd8 22. Nd4 Bxd4 23. Rxd4 Rdxd5 24. Re7+ Kf8 25. Rxd5 Rxd5 26. Rxh7 Rd1+ 27. Bf1 Nc4 0-1

[Event "FIN-ch"]
[Site "Helsinki"]
[Date "2023.04.15"]
[Round "9"]
[White "Aalto, Patrik"]
[Black "Norri, Joose"]
[Result "0-1"]
[WhiteElo "2251"]
[BlackElo "2250"]
[PlyCount "156"]
[EventDate "2023.04.07"]
[EventType "swiss"]
[EventRounds "9"]
[EventCountry "FIN"]
[SourceTitle "CBM 213 Extra"]
[Source "ChessBase"]
[SourceDate "2023.05.31"]
[SourceVersion "1"]
[SourceVersionDate "2023.05.31"]
[SourceQuality "1"]

1. d4 Nf6 2. c4 e6 3. Nf3 c5 4. d5 exd5 5. cxd5 d6 6. Nc3 g6 7. e4 Bg7 8. h3 0-0 9. Bd3 a6 10. a4 Nbd7 11. 0-0 Nh5 12. g4 Nhf6 13. Bf4 Qc7 14. Rc1 h5 15. g5 Ne8 16. Bh2 Ne5 17. Nxe5 dxe5 18. Qf3 c4 19. Nb1 b5 20. b3 Nd6 21. bxc4 bxc4 22. Be2 Qe7 23. Qe3 f5 24. gxf6 Bxf6 25. f4 exf4 26. Bxf4 Qxe4 27. Qxe4 Nxe4 28. Rxc4 Bf5 29. d6 Rfd8 30. Rd1 Rab8 31. d7 Rb7 32. Rc7 Rxc7 33. Bxc7 Rxd7 34. Rxd7 Bxd7 35. Kg2 Nc5 36. a5 Bb5 37. Bf3 Kg7 38. Nd2 Ne6 39. Bb6 Nf4+ 40. Kg3 Be5 41. Be4 g5 42. Nf3 Ne2+ 43. Kf2 Bf6 44. Bf5 Nf4 45. Be3 Bd3 46. Bxf4 Bxf5 47. Nxg5 Bc3 48. Bc7 Kf6 49. h4 Ke7 50. Ke3 Kd7 51. Bb6 Be1 52. Nf3 Bg3 53. Bd4 Kc6 54. Be5 Bxe5 55. Nxe5+ Kb5 56. Kd2 Kxa5 57. Nc4+ Kb4 58. Ne3 Be4 59. Kc1 Kb3 60. Nf1 Ka2 61. Ne3 a5 62. Nc4 a4 63. Nd2 Bg6 64. Nf3 a3 65. Nd4 Bd3 66. Nc2 Kb3 67. Na1+ Kc3 68. Nc2 a2 69. Na1 Bb1 70. Nc2 Kd3 71. Na1 Ke3 72. Kb2 Kf4 73. Nb3 Kg4 74. Nd4 Kxh4 75. Nf3+ Kg4 76. Nh2+ Kf4 77. Nf1 h4 78. Nh2 Bd3 0-1

[Event "FIN-ch"]
[Site "Helsinki"]
[Date "2023.04.13"]
[Round "7"]
[White "Lehto, Antti"]
[Black "Norri, Joose"]
[Result "0-1"]
[WhiteElo "2202"]
[BlackElo "2250"]
[PlyCount "90"]
[EventDate "2023.04.07"]
[EventType "swiss"]
[EventRounds "9"]
[EventCountry "FIN"]
[SourceTitle "CBM 213 Extra"]
[Source "ChessBase"]
[SourceDate "2023.05.31"]
[SourceVersion "1"]
[SourceVersionDate "2023.05.31"]
[SourceQuality "1"]

1. d4 e6 2. c4 d5 3. Nf3 Nf6 4. Nc3 Bb4 5. cxd5 exd5 6. Bg5 0-0 7. e3 Nbd7 8. Bd3 h6 9. Bh4 c5 10. 0-0 c4 11. Bf5 Bxc3 12. bxc3 Qa5 13. Qc2 Re8 14. Nd2 g5 15. Bg3 Nf8 16. Rfc1 Nh5 17. Be5 Qd8 18. Rab1 f6 19. Bxc8 Rxc8 20. Bg3 Qd7 21. Qb2 Re7 22. Qb5 Qe6 23. Nf1 f5 24. f3 Nxg3 25. hxg3 Ng6 26. Re1 a6 27. Qb6 Rc6 28. Qb2 Qf7 29. Re2 Rce6 30. Rbe1 Qe8 31. Kf2 h5 32. Qc2 Qf7 33. Kg1 h4 34. Qb1 f4 35. g4 h3 36. Qf5 hxg2 37. Qxf7+ Kxf7 38. Kxg2 fxe3 39. Rxe3 Nf4+ 40. Kg3 Rxe3 41. Nxe3 Nd3 42. Re2 b5 43. Kh2 a5 44. a3 b4 45. axb4 axb4 0-1

[Event "FIN-ch"]
[Site "Helsinki"]
[Date "2023.04.07"]
[Round "1"]
[White "Norri, Joose"]
[Black "Nyysti, Sampsa"]
[Result "0-1"]
[WhiteElo "2250"]
[BlackElo "2322"]
[PlyCount "68"]
[EventDate "2023.04.07"]
[EventType "swiss"]
[EventRounds "9"]
[EventCountry "FIN"]
[SourceTitle "CBM 213 Extra"]
[Source "ChessBase"]
[SourceDate "2023.05.31"]
[SourceVersion "1"]
[SourceVersionDate "2023.05.31"]
[SourceQuality "1"]

1. d4 Nf6 2. c4 g6 3. Nc3 Bg7 4. e4 d6 5. Bd3 0-0 6. Nge2 Nc6 7. 0-0 Nd7 8. Be3 e5 9. d5 Nd4 10. Rc1 c5 11. dxc6 bxc6 12. b4 Rb8 13. b5 Bb7 14. Bb1 c5 15. Ng3 Kh8 16. Qd2 Qe7 17. Rce1 Rbe8 18. a4 Qd8 19. Bd3 h5 20. h3 h4 21. Nh1 f5 22. f3 Rf7 23. Nd5 Ne6 24. Qc2 Ref8 25. Nf2 Bxd5 26. cxd5 Nf4 27. Nd1 Qg5 28. Kh1 Nf6 29. Rf2 N6h5 30. Nb2 Bh6 31. Nc4 Qe7 32. Rd1 Nxd3 33. Qxd3 fxe4 34. Qxe4 Ng3+ 0-1

[Event "FIN-chT 2223"]
[Site "Finland"]
[Date "2022.11.05"]
[Round "5.2"]
[White "Norri, Joose"]
[Black "Heinola, Vesa Pekka"]
[Result "0-1"]
[WhiteElo "2266"]
[BlackElo "2265"]
[PlyCount "86"]
[EventDate "2022.09.24"]
[EventType "team-tourn"]
[EventRounds "11"]
[EventCountry "FIN"]
[SourceTitle "EXT 2024"]
[Source "ChessBase"]
[SourceDate "2023.10.10"]
[SourceVersion "1"]
[SourceVersionDate "2023.10.10"]
[SourceQuality "1"]
[WhiteTeam "Helsinki HSK"]
[BlackTeam "Vammala SK"]
[WhiteTeamCountry "FIN"]
[BlackTeamCountry "FIN"]

1. Nf3 d5 2. b3 c5 3. e3 Nf6 4. Bb2 g6 5. c4 Nc6 6. cxd5 Qxd5 7. Nc3 Qd6 8. d4 cxd4 9. Nxd4 Nxd4 10. exd4 Bg4 11. Be2 Bxe2 12. Qxe2 Nd5 13. 0-0 e6 14. Rfe1 Nxc3 15. Bxc3 Qd5 16. Qg4 h5 17. Qg3 h4 18. Qe5 Rh5 19. Qe3 h3 20. gxh3 Bd6 21. f4 Kd7 22. Rf1 a6 23. Rf3 Rah8 24. Raf1 Kc8 25. Rg3 Be7 26. Rd1 Bf6 27. Bb4 Kb8 28. Bc5 Rc8 29. Qc3 Rhh8 30. Qb4 Rc6 31. Bb6 Rhc8 32. Rgd3 Rc2 33. R3d2 Rxd2 34. Qxd2 Be7 35. b4 Bf6 36. a4 Qe4 37. Bc5 Qd5 38. b5 axb5 39. axb5 Kc7 40. b6+ Kd7 41. Qd3 Ra8 42. Qb5+ Kd8 43. Qe2 Ra2 0-1

[Event "FIN-chT 2223"]
[Site "Finland"]
[Date "2022.10.15"]
[Round "3.2"]
[White "Norri, Joose"]
[Black "Lahdelma, Henri"]
[Result "0-1"]
[WhiteElo "2266"]
[BlackElo "2303"]
[PlyCount "70"]
[EventDate "2022.09.24"]
[EventType "team-tourn"]
[EventRounds "11"]
[EventCountry "FIN"]
[SourceTitle "EXT 2024"]
[Source "ChessBase"]
[SourceDate "2023.10.10"]
[SourceVersion "1"]
[SourceVersionDate "2023.10.10"]
[SourceQuality "1"]
[WhiteTeam "Helsinki HSK"]
[BlackTeam "Espoo MatSK"]
[WhiteTeamCountry "FIN"]
[BlackTeamCountry "FIN"]

1. d4 Nf6 2. c4 e6 3. Nc3 d5 4. Nf3 c6 5. e3 Nbd7 6. Bd3 dxc4 7. Bxc4 b5 8. Bd3 Bd6 9. 0-0 Bb7 10. Qc2 a6 11. a3 c5 12. Ne4 Nxe4 13. Bxe4 Bxe4 14. Qxe4 0-0 15. Rd1 c4 16. Bd2 Qb6 17. Qh4 Rfc8 18. e4 Bf8 19. Bc3 Qc7 20. d5 e5 21. Qg3 f6 22. Nh4 Nc5 23. Qg4 a5 24. Nf5 Kh8 25. d6 Qd7 26. f4 Nd3 27. fxe5 fxe5 28. Rxd3 cxd3 29. Bxe5 d2 30. Bc3 Rxc3 31. bxc3 Bxd6 32. Qe2 Bc5+ 33. Kh1 Rd8 34. Rd1 Qd3 35. Qg4 Bf8 0-1

[Event "FIN-chT 2223"]
[Site "Finland"]
[Date "2022.09.25"]
[Round "2.1"]
[White "Norri, Joose"]
[Black "Volodin, Aleksandr"]
[Result "0-1"]
[WhiteElo "2266"]
[BlackElo "2429"]
[PlyCount "124"]
[EventDate "2022.09.24"]
[EventType "team-tourn"]
[EventRounds "11"]
[EventCountry "FIN"]
[SourceTitle "CBM 210 Extra"]
[Source "ChessBase"]
[SourceDate "2022.11.30"]
[SourceVersion "1"]
[SourceVersionDate "2022.11.30"]
[SourceQuality "1"]
[WhiteTeam "Helsinki HSK"]
[BlackTeam "Tampere Tammer"]
[WhiteTeamCountry "FIN"]
[BlackTeamCountry "FIN"]

1. c4 e6 2. Nc3 d5 3. d4 Nf6 4. Nf3 c6 5. g3 Be7 6. Bg2 0-0 7. 0-0 Nbd7 8. b3 a5 9. Bb2 b6 10. Ne5 Bb7 11. e4 dxc4 12. Nxc4 b5 13. Ne3 a4 14. e5 Nd5 15. Nexd5 cxd5 16. bxa4 b4 17. Nb5 Nb6 18. Qb3 Nxa4 19. Rfb1 Bc6 20. Nd6 Bxd6 21. exd6 Qxd6 22. Bc1 Nc3 23. Qxb4 Qxb4 24. Rxb4 Nxa2 25. Rb6 Nxc1 26. Rxc1 Ba4 27. Kf1 Rfb8 28. Rxb8+ Rxb8 29. Ke2 Bb5+ 30. Ke3 Bc4 31. Rc3 g5 32. Ra3 Kg7 33. Bf3 Kg6 34. Bd1 Rb2 35. Ra8 h6 36. h4 gxh4 37. gxh4 Bf1 38. Rg8+ Kf6 39. Rh8 Kg7 40. Rc8 Ra2 41. Bh5 Ra3+ 42. Kd2 Ra2+ 43. Ke3 Ra7 44. Kf4 Kf6 45. Rf8 Bd3 46. Rb8 Bf5 47. Bf3 Bg6 48. Rb6 Ra4 49. Ke3 Ra3+ 50. Kf4 Rd3 51. Rb4 Bh7 52. Ra4 Rd2 53. Ke3 Rc2 54. Ra3 Rc4 55. Rb3 Bg6 56. Ra3 Bc2 57. Be2 Rb4 58. Rc3 Be4 59. Rc7 Rb3+ 60. Kf4 Rh3 61. h5 Bf5 62. Bg4 Bxg4 0-1

[Event "FIN-chT 2223"]
[Site "Finland"]
[Date "2022.09.24"]
[Round "1.1"]
[White "Norri, Joose"]
[Black "Laurusas, Tomas"]
[Result "0-1"]
[WhiteElo "2266"]
[BlackElo "2563"]
[PlyCount "112"]
[EventDate "2022.09.24"]
[EventType "team-tourn"]
[EventRounds "11"]
[EventCountry "FIN"]
[SourceTitle "CBM 210 Extra"]
[Source "ChessBase"]
[SourceDate "2022.11.30"]
[SourceVersion "1"]
[SourceVersionDate "2022.11.30"]
[SourceQuality "1"]
[WhiteTeam "Helsinki HSK"]
[BlackTeam "Helsinki Ninja"]
[WhiteTeamCountry "FIN"]
[BlackTeamCountry "FIN"]

1. d4 Nf6 2. c4 c6 3. Nc3 d5 4. Nf3 dxc4 5. a4 Bf5 6. e3 e6 7. Bxc4 Bb4 8. 0-0 0-0 9. Qe2 Bg6 10. Ne5 Nbd7 11. Nxg6 hxg6 12. Rd1 Qc7 13. e4 e5 14. Bg5 exd4 15. Rxd4 Bc5 16. Rd2 Rae8 17. h3 Qg3 18. Bxf6 Nxf6 19. Rad1 a6 20. Ba2 Qe5 21. Qf3 Bb4 22. Re2 Rd8 23. g3 Bxc3 24. Rxd8 Rxd8 25. bxc3 Rd1+ 26. Kg2 Rc1 27. Re3 Rc2 28. Bb1 Rd2 29. Re2 Rxe2 30. Qxe2 Qxc3 31. e5 Nd5 32. e6 Qf6 33. exf7+ Kxf7 34. h4 Qd4 35. Qf3+ Nf6 36. Ba2+ Ke7 37. Bb1 Qd5 38. Bxg6 a5 39. g4 Nxg4 40. Be4 Qe6 41. Bf5 Ne5 42. Qa3+ Qd6 43. Qc3 Qd5+ 44. Kg3 Nf7 45. Bc8 Qd8 46. Bf5 Kf8 47. f4 Qd5 48. Bc2 Nd6 49. Qe3 c5 50. Qe5 Qd4 51. Qe6 Qf6 52. Qd5 Qc3+ 53. Kg4 Ke7 54. Bf5 Qe3 55. h5 b6 56. Bc2 Qe2+ 0-1

[Event "Helsinki Ristoja 70 Years"]
[Site "Helsinki"]
[Date "2019.11.16"]
[Round "2"]
[White "Miettinen, Teemu"]
[Black "Norri, Joose"]
[Result "0-1"]
[WhiteElo "2016"]
[BlackElo "2247"]
[PlyCount "64"]
[EventDate "2019.11.15"]
[EventType "swiss"]
[EventRounds "5"]
[EventCountry "FIN"]
[SourceTitle "EXT 2021"]
[Source "ChessBase"]
[SourceDate "2020.10.23"]
[SourceVersion "1"]
[SourceVersionDate "2020.10.23"]
[SourceQuality "1"]

1. d4 Nf6 2. c4 g6 3. Nc3 Bg7 4. e4 d6 5. Nf3 0-0 6. Be2 Bg4 7. Be3 Nfd7 8. 0-0 c5 9. d5 Nb6 10. Qd2 e6 11. Rad1 exd5 12. cxd5 Bxf3 13. gxf3 N8d7 14. f4 Re8 15. f3 f5 16. Bd3 Kh8 17. Bf2 fxe4 18. fxe4 Nf6 19. Kh1 Nbd7 20. Rde1 a6 21. a4 Qa5 22. Rg1 Qb4 23. Bb1 b5 24. axb5 axb5 25. e5 dxe5 26. f5 e4 27. fxg6 Ne5 28. Nxe4 Nxe4 29. Qxb4 Nxf2+ 30. Kg2 cxb4 31. Kxf2 Rf8+ 32. Kg2 Nf3 0-1

[Event "Helsinki Pihlajamaki 80 Years"]
[Site "Helsinki"]
[Date "2019.11.10"]
[Round "6"]
[White "Norri, Joose"]
[Black "Ristoja, Jan"]
[Result "1/2-1/2"]
[WhiteElo "2233"]
[BlackElo "2264"]
[PlyCount "34"]
[EventDate "2019.11.10"]
[EventType "swiss"]
[EventRounds "7"]
[EventCountry "FIN"]
[SourceTitle "EXT 2021"]
[Source "ChessBase"]
[SourceDate "2020.10.23"]
[SourceVersion "1"]
[SourceVersionDate "2020.10.23"]
[SourceQuality "1"]

1. d4 d5 2. c4 Nc6 3. Nc3 dxc4 4. d5 Ne5 5. f4 Ng6 6. e4 e6 7. dxe6 Qxd1+ 8. Kxd1 fxe6 9. Bxc4 Bd7 10. Be3 Nf6 11. Nge2 0-0-0 12. Kc2 a6 13. a4 e5 14. f5 Ne7 15. h3 h5 16. b4 Nc6 17. b5 Nb4+ 1/2-1/2

[Event "FIN-chT1A 1819"]
[Site "Finland"]
[Date "2018.11.10"]
[Round "3.1"]
[White "Hurme, Harri M"]
[Black "Norri, Joose"]
[Result "0-1"]
[WhiteElo "2227"]
[BlackElo "2263"]
[PlyCount "126"]
[EventDate "2018.09.15"]
[EventType "team-tourn"]
[EventRounds "7"]
[EventCountry "FIN"]
[SourceTitle "EXT 2020"]
[Source "ChessBase"]
[SourceDate "2019.10.17"]
[SourceVersion "1"]
[SourceVersionDate "2019.10.17"]
[SourceQuality "1"]
[WhiteTeam "Helsinki LauttSK"]
[BlackTeam "Helsinki HSK"]
[WhiteTeamCountry "FIN"]
[BlackTeamCountry "FIN"]

1. d4 Nf6 2. c4 e6 3. Nc3 Bb4 4. Qc2 0-0 5. Nf3 c5 6. dxc5 Na6 7. Bf4 Qa5 8. e3 Nxc5 9. Nd2 b6 10. Be2 Bb7 11. 0-0 Bxc3 12. bxc3 Nce4 13. Nxe4 Bxe4 14. Qd2 d5 15. f3 Bg6 16. Rad1 Rac8 17. g4 dxc4 18. e4 h6 19. h4 Rfe8 20. Kh2 e5 21. Bxh6 gxh6 22. h5 Kg7 23. hxg6 fxg6 24. Kg2 Qc5 25. Rh1 g5 26. Rhe1 Nh7 27. Qb2 Red8 28. a4 Nf8 29. Qb5 Qxb5 30. axb5 Ne6 31. Rxd8 Rxd8 32. Bxc4 Nf4+ 33. Kg1 Rc8 34. Bf1 Rxc3 35. Rd1 Ra3 36. Rd7+ Kf8 37. Rh7 Ne6 38. Bc4 Nd4 39. Kg2 Rxf3 40. Rxa7 Rf4 41. Rb7 Rxg4+ 42. Kh3 Rh4+ 43. Kg2 Rg4+ 44. Kh3 Rxe4 45. Rxb6 g4+ 46. Kg2 Nc2 47. Be6 Ke7 48. Kg3 Ne3 49. Bc8 Kd8 50. Be6 Rf4 51. Bd5 Nf5+ 52. Kg2 Rd4 53. Be6 Rd2+ 54. Kf1 Ne3+ 55. Ke1 Rb2 56. Bd5 Nxd5 57. Rd6+ Ke7 58. Rxd5 Ke6 59. Rc5 h5 60. Kd1 g3 61. Kc1 Rf2 62. Rc6+ Kf5 63. Rc8 g2 0-1

[Event "Helsinki KapSK op"]
[Site "Helsinki"]
[Date "2018.11.04"]
[Round "5"]
[White "Norri, Joose"]
[Black "Ertbjerg, Per"]
[Result "1-0"]
[WhiteElo "2233"]
[BlackElo "2102"]
[PlyCount "59"]
[EventDate "2018.11.02"]
[EventType "swiss"]
[EventRounds "5"]
[EventCountry "FIN"]
[SourceTitle "EXT 2021"]
[Source "ChessBase"]
[SourceDate "2020.10.23"]
[SourceVersion "1"]
[SourceVersionDate "2020.10.23"]
[SourceQuality "1"]

1. Nf3 Nf6 2. c4 c5 3. Nc3 Nc6 4. d4 cxd4 5. Nxd4 e5 6. Ndb5 d6 7. Bg5 a6 8. Bxf6 gxf6 9. Na3 f5 10. g3 Be6 11. Bg2 Rc8 12. 0-0 h5 13. h4 f4 14. Qd3 Rg8 15. Rad1 Nd4 16. e3 Nf5 17. exf4 exf4 18. Rfe1 Nxg3 19. Qd5 Be7 20. Rxe6 fxe6 21. Qxe6 Kf8 22. Qh6+ Ke8 23. fxg3 Qb6+ 24. Kh1 Rxg3 25. Qe6 Rc5 26. Ne4 Kf8 27. Nxd6 Bxd6 28. Qf6+ Kg8 29. Rxd6 Rc6 30. Bd5+ 1-0

[Event "Helsinki We HSK kesaturnaus A"]
[Site "Helsinki"]
[Date "2018.05.27"]
[Round "4"]
[White "Sammalvuo, Tapani"]
[Black "Norri, Joose"]
[Result "1/2-1/2"]
[WhiteElo "2437"]
[BlackElo "2242"]
[PlyCount "50"]
[EventDate "2018.05.25"]
[EventType "swiss"]
[EventRounds "5"]
[EventCountry "FIN"]
[SourceTitle "EXT 2022"]
[Source "ChessBase"]
[SourceDate "2021.10.06"]
[SourceVersion "1"]
[SourceVersionDate "2021.10.06"]
[SourceQuality "1"]

1. Nf3 Nf6 2. c4 b6 3. g3 c5 4. Bg2 Bb7 5. 0-0 g6 6. Nc3 Bg7 7. d4 cxd4 8. Nxd4 Bxg2 9. Kxg2 Qc7 10. b3 0-0 11. e4 Nxe4 12. Nxe4 Qe5 13. Qf3 Qxd4 14. Be3 Qe5 15. Nf6+ Bxf6 16. Qxa8 Nc6 17. Qb7 Qe4+ 18. Kg1 Bxa1 19. Rxa1 d6 20. Re1 h5 21. h4 Rb8 22. Qc7 Re8 23. Qd7 Rd8 24. Qc7 Re8 25. Qd7 Rd8 1/2-1/2

[Event "Helsinki We EtVaS A"]
[Site "Helsinki"]
[Date "2018.05.06"]
[Round "4"]
[White "Norri, Joose"]
[Black "Jarvenpaa, Jari"]
[Result "0-1"]
[WhiteElo "2242"]
[BlackElo "2279"]
[PlyCount "124"]
[EventDate "2018.05.04"]
[EventType "swiss"]
[EventRounds "5"]
[EventCountry "FIN"]
[SourceTitle "EXT 2022"]
[Source "ChessBase"]
[SourceDate "2021.10.06"]
[SourceVersion "1"]
[SourceVersionDate "2021.10.06"]
[SourceQuality "1"]

1. d4 d5 2. c4 dxc4 3. Nf3 Nf6 4. e3 a6 5. Bxc4 b5 6. Bb3 Bb7 7. a4 b4 8. a5 Nbd7 9. Nbd2 e6 10. Nc4 Be7 11. 0-0 0-0 12. Qe2 c5 13. Nfe5 Bd5 14. Ba4 Nxe5 15. dxe5 Nd7 16. f4 Bxc4 17. Qxc4 Qxa5 18. Qd3 Nxe5 19. fxe5 g6 20. e4 Rad8 21. Qg3 c4 22. Bh6 Rd3 23. Qf4 Bc5+ 24. Kh1 Be3 25. Qh4 Bxh6 26. Bc2 Qxe5 27. Bxd3 Bg5 28. Qh3 cxd3 29. Qxd3 a5 30. b3 Bd8 31. Rad1 Bc7 32. g3 Bb6 33. Qc4 h5 34. Rd7 Kg7 35. Qc6 Bd8 36. Rb7 h4 37. gxh4 Bxh4 38. Rb5 Qb2 39. Qc4 Bf6 40. Qd3 Rh8 41. Qg3 Qe2 42. Qf2 Qxe4+ 43. Qf3 Qxf3+ 44. Rxf3 Ra8 45. Rb7 Rd8 46. Ra7 Rd5 47. Rf4 Rd1+ 48. Kg2 Rd2+ 49. Kf1 Rd5 50. Rc4 Rf5+ 51. Kg2 Bc3 52. Rcc7 g5 53. Rc6 Kg6 54. Rca6 Bd4 55. Rd7 Be3 56. Rd3 Bf4 57. h3 Rc5 58. Rd7 Rc2+ 59. Kf1 Rc5 60. Raa7 Rf5 61. Ke2 Bg3 62. Ke3 Bf2+ 0-1

[Event "FIN-chT 1718"]
[Site "Finland"]
[Date "2018.03.09"]
[Round "9.3"]
[White "Norri, Joose"]
[Black "Holmsten, Aleksei"]
[Result "1-0"]
[WhiteElo "2240"]
[BlackElo "2326"]
[PlyCount "73"]
[EventDate "2017.09.16"]
[EventType "team-tourn"]
[EventRounds "11"]
[EventCountry "FIN"]
[SourceTitle "EXT 2019"]
[Source "ChessBase"]
[SourceDate "2018.10.10"]
[SourceVersion "1"]
[SourceVersionDate "2018.10.10"]
[SourceQuality "1"]
[WhiteTeam "Helsinki HSK"]
[BlackTeam "Turku TuTS"]
[WhiteTeamCountry "FIN"]
[BlackTeamCountry "FIN"]

1. Nf3 Nf6 2. c4 g6 3. Nc3 Bg7 4. e4 c5 5. d4 cxd4 6. Nxd4 d6 7. Be2 0-0 8. Be3 Nc6 9. f4 Qb6 10. Nc2 Qa5 11. 0-0 a6 12. Nd5 Nxd5 13. exd5 Nb8 14. Bd4 Bf5 15. Ne3 Bxd4 16. Qxd4 Qc5 17. Qxc5 dxc5 18. Nxf5 gxf5 19. Rae1 Kg7 20. Bd3 Kf6 21. Re5 e6 22. dxe6 fxe6 23. Rfe1 Nc6 24. Rxe6+ Kg7 25. Rd6 Rad8 26. Rxd8 Rxd8 27. Bxf5 Rd2 28. Re3 Rxb2 29. Rg3+ Kf6 30. Bxh7 Nd4 31. Rg6+ Kf7 32. h4 Ne2+ 33. Kh2 Nxf4 34. Rg4 Ne2 35. h5 b5 36. h6 bxc4 37. Bg8+ 1-0

[Event "FIN-chT 1718"]
[Site "Finland"]
[Date "2017.12.03"]
[Round "6.2"]
[White "Norri, Joose"]
[Black "Agopov, Mikael"]
[Result "1/2-1/2"]
[WhiteElo "2240"]
[BlackElo "2419"]
[PlyCount "125"]
[EventDate "2017.09.16"]
[EventType "team-tourn"]
[EventRounds "11"]
[EventCountry "FIN"]
[SourceTitle "EXT 2019"]
[Source "ChessBase"]
[SourceDate "2018.10.10"]
[SourceVersion "1"]
[SourceVersionDate "2018.10.10"]
[SourceQuality "1"]
[WhiteTeam "Helsinki HSK"]
[BlackTeam "Helsinki SSK"]
[WhiteTeamCountry "FIN"]
[BlackTeamCountry "FIN"]

1. d4 Nf6 2. c4 g6 3. Nc3 d5 4. cxd5 Nxd5 5. e4 Nxc3 6. bxc3 Bg7 7. Bb5+ c6 8. Ba4 0-0 9. Ne2 b5 10. Bb3 Bb7 11. h4 c5 12. f3 b4 13. Be3 bxc3 14. dxc5 Qa5 15. 0-0 Na6 16. Qd7 Nxc5 17. Qxe7 Rac8 18. Bd4 Ba6 19. Bxg7 Kxg7 20. Nf4 Qd8 21. Qe5+ f6 22. Qxc3 Bxf1 23. Rxf1 Qb6 24. Qe3 Nxb3 25. Qxb6 axb6 26. Ne6+ Kf7 27. Nxf8 Nc5 28. Nxh7 Kg7 29. Rb1 Rc6 30. Nxf6 Kxf6 31. Kh2 Na4 32. Rb4 Nc3 33. a4 Ke5 34. Kg3 Kd6 35. Kf4 Kc5 36. Rb3 Nxa4 37. Kg5 Kc4 38. Ra3 b5 39. g4 Nc3 40. h5 gxh5 41. gxh5 b4 42. Ra1 b3 43. h6 b2 44. Rh1 Rd6 45. h7 Nd1 46. h8Q b1Q 47. Rh4 Qc1+ 48. Kh5 Kd3 49. e5 Qc5 50. Qh7+ Kc3 51. Qe4 Ne3 52. f4 Rd8 53. f5 Rd5 54. Rh3 Rxe5 55. Rxe3+ Qxe3 56. Qxe3+ Rxe3 57. f6 Kd4 58. f7 Rf3 59. Kg6 Ke5 60. Kg7 Rg3+ 61. Kh7 Rf3 62. Kg7 Rxf7+ 63. Kxf7 1/2-1/2

[Event "FIN-chT1A 1617"]
[Site "Finland"]
[Date "2016.10.08"]
[Round "3.3"]
[White "Liimatainen, Jero"]
[Black "Norri, Joose"]
[Result "0-1"]
[WhiteElo "1954"]
[BlackElo "2244"]
[PlyCount "70"]
[EventDate "2016.09.17"]
[EventType "team-tourn"]
[EventRounds "7"]
[EventCountry "FIN"]
[SourceTitle "EXT 2019"]
[Source "ChessBase"]
[SourceDate "2018.10.10"]
[SourceVersion "1"]
[SourceVersionDate "2018.10.10"]
[SourceQuality "1"]
[WhiteTeam "Turku TuTS II"]
[BlackTeam "Helsinki HSK"]
[WhiteTeamCountry "FIN"]
[BlackTeamCountry "FIN"]

1. d4 Nf6 2. c4 e6 3. Nf3 Bb4+ 4. Bd2 a5 5. Nc3 d6 6. g3 Nbd7 7. Bg2 e5 8. 0-0 exd4 9. Nxd4 0-0 10. Nc2 Bc5 11. Be3 Re8 12. Qd2 Ng4 13. Bxc5 Nxc5 14. e4 Ne5 15. Ne3 Bh3 16. b3 Bxg2 17. Kxg2 Qf6 18. f3 c6 19. Rad1 Rad8 20. Ne2 a4 21. b4 Na6 22. a3 Nc7 23. Nf4 b5 24. Qc2 bxc4 25. Nxc4 Nb5 26. Nxe5 dxe5 27. Nd3 Nxa3 28. Qxa4 Nc4 29. Rfe1 Qh6 30. Kg1 Nd2 31. Nxe5 Rxe5 32. f4 Ree8 33. Re2 Nc4 34. Rc1 Ne5 35. Kg2 Qh5 0-1

[Event "Heart of Finland op 26th"]
[Site "Jyvaskyla"]
[Date "2016.07.24"]
[Round "9"]
[White "Kuzevanova, Evgenia"]
[Black "Norri, Joose"]
[Result "1-0"]
[WhiteElo "2113"]
[BlackElo "2258"]
[PlyCount "35"]
[EventDate "2016.07.18"]
[EventType "swiss"]
[EventRounds "9"]
[EventCountry "FIN"]
[SourceTitle "CBM 173 Extra"]
[Source "ChessBase"]
[SourceDate "2016.08.29"]
[SourceVersion "1"]
[SourceVersionDate "2016.08.29"]
[SourceQuality "1"]

1. e4 g6 2. d4 Bg7 3. Nc3 d6 4. Be3 a6 5. Qd2 Nd7 6. h4 c5 7. Nf3 b5 8. dxc5 dxc5 9. 0-0-0 Qc7 10. Nd5 Qc6 11. Qa5 Ra7 12. Bf4 e5 13. Be3 Ngf6 14. h5 Nxh5 15. a4 Rb7 16. axb5 axb5 17. Bxb5 Qd6 18. Bxc5 1-0

[Event "Heart of Finland op 26th"]
[Site "Jyvaskyla"]
[Date "2016.07.21"]
[Round "5"]
[White "Norri, Joose"]
[Black "Iivonen, Markku"]
[Result "0-1"]
[WhiteElo "2258"]
[BlackElo "2042"]
[PlyCount "66"]
[EventDate "2016.07.18"]
[EventType "swiss"]
[EventRounds "9"]
[EventCountry "FIN"]
[SourceTitle "CBM 173 Extra"]
[Source "ChessBase"]
[SourceDate "2016.08.29"]
[SourceVersion "1"]
[SourceVersionDate "2016.08.29"]
[SourceQuality "1"]

1. e4 d6 2. d4 Nf6 3. Bd3 e5 4. c3 Be7 5. Nf3 Nbd7 6. 0-0 0-0 7. Re1 c6 8. a4 Qc7 9. b3 Re8 10. Ba3 Nf8 11. h3 Ng6 12. Nbd2 b6 13. Rc1 a6 14. Bf1 Bf8 15. c4 Bb7 16. d5 Rac8 17. g3 h6 18. h4 Ra8 19. Nh2 Qd7 20. Rc3 cxd5 21. exd5 b5 22. Ne4 Nxe4 23. Rxe4 f5 24. Bh3 Qf7 25. Re1 e4 26. f3 exf3 27. Rxf3 Ne5 28. Rxf5 Qc7 29. Rf2 bxc4 30. bxc4 Qxc4 31. Bf1 Qc3 32. Bb2 Qxg3+ 33. Bg2 Nd3 0-1